LEADER 01097nam a2200289 u 4500 001 000000049301 003 CaOOAMICUS 005 20070226115109.0 008 000623s2000 it b u000 u ita u 020 $a8839911782 035 $a10850920 040 $aPUL$bita 100 1 $aMello, Alberto.$0(OLS)http://pul/name/25267 245 10$aEbraismo /$cAlberto Mello. 260 $aBrescia :$bEd. Queriniana,$cc2000. 300 $a190 p. ;$c17 cm 490 1 $aPiccola biblioteca delle religioni ;$v8 504 $a"Bibliografia": pp. [177]-188. 650 4$aGiudaismo.$0(OLS)http://pul/subject/1627 830 0$aPiccola biblioteca delle religioni ;$v8.$0(OLS)http://pul/title/64851 850 $aPUL 852 $aPUL$W1$xDP1 Cons. Gen., Altre Classi 1$y22$m780 H 71$j65530$nBK-PRI$b $qStampati$B65530$CPULBib$Z2$F65530 $H $81 941 1 $a8 961 $aINV: 82306 996 $6020$a8839911782$9(OLS)http://pul/number/62248 996 $6245$aEbraismo$9(OLS)http://pul/title/43158 996 $6260$aBrescia :$bEd. Queriniana$9(OLS)http://pul/publisher/53981 LEADER 01487nam a2200361 a 4500 001 000000156916 003 CaOOAMICUS 005 20161130125115.0 008 161130m20169999it u000 u ita r 020 $a978-88-394-0897-6 (v. 1)* 032 $aLibriCat 040 $aPUL$bita 041 1 $aita$agrc$hgrc 082 04$a291.205 245 00$aArchivio di Babatha. 260 $aBrescia :$bPaideia,$cİ2016- 300 $av. ;$c21 cm. 490 1 $aTesti del Vicino Oriente antico.$a06, Letteratura ebraica e aramaica ;$v03 500 $aComprende indici. 504 $aBibliografia p. 159-[176]. 505 1 $aV. 1. Testi greci e ketubbah / a cura di Dorota Hartman. 546 $aIntroduzione in italiano, testo greco con traduzione a fronte. 650 4$aLetteratura ebraica.$0(OLS)http://pul/subject/8236 700 1 $aHartman, Dorota.$0(OLS)http://pul/name/100080 830 0$aTesti del Vicino Oriente antico.$pLetteratura ebraica e aramaica ;$v03.$0(OLS)http://pul/title/167697 850 $aPUL 852 $aPUL$W1$xSL Religione 3$y85$m291. 205 COLL 1.6.3.1$j180203$qDDC 21$B183327$CPULBib$Z2$F183327 $H128454 $81 941 1 $a9 996 $6020$a978-88-394-0897-6 (v. 1)*$9(OLS)http://pul/number/161583 996 $6082$a291.205$9(OLS)http://pul/classification/2114 996 $6245$aArchivio di Babatha$9(OLS)http://pul/title/196517 996 $6260$aBrescia :$bPaideia$9(OLS)http://pul/publisher/47884